5HLuxD.jpg

KING HENRY VIII SENIOR AND PRIMARY SCHOOL LIBRARY OPAC

Seasons / (Record no. 1893)

000 -LEADER
fixed length control field 00609cam a2200205ui 4500
003 - CONTROL NUMBER IDENTIFIER
control field OSt
005 - DATE AND TIME OF LATEST TRANSACTION
control field 20230215082828.0
008 - FIXED-LENGTH DATA ELEMENTS--GENERAL INFORMATION
fixed length control field 130221s2012 nyua j 000 0 eng d
020 ## - INTERNATIONAL STANDARD BOOK NUMBER
International Standard Book Number 9780753468982
040 ## - CATALOGING SOURCE
Original cataloging agency CaNFSM
Language of cataloging eng
Description conventions rda
Modifying agency CaOL
-- KH8
Transcribing agency SDL
082 ## - DEWEY DECIMAL CLASSIFICATION NUMBER
Classification number 508.2 FEL
100 1# - MAIN ENTRY--PERSONAL NAME
Personal name Feldman, Thea.
Relator term author
245 10 - TITLE STATEMENT
Title Seasons /
Statement of responsibility, etc. Thea Feldman.
260 ## - PUBLICATION, DISTRIBUTION, ETC.
Place of publication, distribution, etc. New York :
Name of publisher, distributor, etc. Kingfisher,
Date of publication, distribution, etc. c2012.
300 ## - PHYSICAL DESCRIPTION
Extent 32 p. :
Other physical details color ill. ;
Dimensions 23 cm.
490 1# - SERIES STATEMENT
Series statement Kingfisher readers. Level 1, Beginning to read.
650 #0 - SUBJECT ADDED ENTRY--TOPICAL TERM
Topical term or geographic name entry element Seasons
Form subdivision Pictorial works.
830 #0 - SERIES ADDED ENTRY--UNIFORM TITLE
Uniform title Kingfisher readers.
Number of part/section of a work Level 1.
942 ## - ADDED ENTRY ELEMENTS (KOHA)
Source of classification or shelving scheme
Koha item type Books - Non Ficton
Holdings
Withdrawn status Lost status Source of classification or shelving scheme Damaged status Not for loan Collection code Permanent Location Current Location Shelving location Date acquired Total Checkouts Full call number Barcode Date last seen Date last checked out Price effective from Koha item type
          Non-Fiction KH8 Primary School Library KH8 Primary School Library Non Fiction 2023-02-15 13 508.2 FEL KHPL000003622 2025-12-05 2025-03-19 2023-02-15 Books - Non Ficton

Powered By KH8 IT Dept